000
00268nam a2200097Ia 4500
001
800400
005
20250826171018.0
008
250824s9999 xx 000 0 und d
245
0
_a
EYÜP SULTANDA KARIŞAN MEVSİMLER
_c
SÜLEYMAN EZBER
260
_b
UĞUR BÖCEĞİ YAYINLARI
999
_c
800400
_d
800400